000
00438nam a2200169Ia 4500
003
LDD
008
190117s9999 xx 000 0 und d
020
_c
₹30
040
_c
LDD
041
_a
hi
082
_a
8H3.7 य 6925 दि-14
100
_a
यशपाल
245
0
_a
दिव्या
_c
यशपाल
260
_a
इलाहाबाद
_b
लोकभारती
_c
1986
300
_a
207प्र.
942
_2
ddc
_c
H
999
_c
167582
_d
167582